[Event "Olympiad Women 2024"]
[Site "Budapest HUN"]
[Date "2024.09.15"]
[Round "5.49"]
[Board "1"]
[White "Cordero, Daniela"]
[Black "Wilson, Hannah"]
[Result "1-0"]
[WhiteElo "2017"]
[BlackElo "1888"]
[PlyCount "103"]
[EventDate "2024.09.11"]
[WhiteTeam "Bolivia"]
[BlackTeam "Barbados"]
[WhiteTeamCountry "BOL"]
[BlackTeamCountry "BAR"]

1. d4 Nf6 2. Nf3 g6 3. c4 Bg7 4. g3 c6 5. Bg2 d5 6. cxd5 cxd5 7. Ne5 ({RR} 7. Qa4+ Nc6 8. Ne5 Qb6 9. e3 O-O 10. Nc3 Rd8 11. O-O Bf5 12. Nxc6 bxc6 13. Qd1 h5 14. h3 Qc7 15. Bd2 c5 16. Rc1 c4 17. b3 Qd7 18. bxc4 Bxh3 19. Nxd5 Nxd5 20. Bxd5 Bxf1 21. Qf3 Bxc4 {0-1 Aranovitch,E (2322)-Jaggy,M (2188) TCh-SUI 2024 (6.3)}) 7... Ne4 8. Qa4+ Nd7 9. f3 $146 ({RR} 9. Nc3 Nxc3 10. bxc3 O-O 11. Nxd7 Bxd7 12. Qb3 Bc6 13. O-O Qd7 14. a4 Rfd8 15. e3 Rac8 16. Bd2 b5 17. a5 a6 18. Rfc1 Bb7 19. Ra2 Rc7 20. Bf3 Qf5 21. Qd1 h5 22. h4 e5 23. Bg2 e4 {0-1 Kolesar,M (2125)-Pichler,M (2239) Pula op 32nd 2018 (8)}) ({RR} 9. Nd2 O-O 10. Nxe4 dxe4 11. Bf4 Nf6 12. h3 Qb6 13. b3 Be6 14. O-O Rfd8 15. Rad1 Nd5 16. Bd2 Qd6 17. Nc4 Qd7 18. Qxd7 Rxd7 19. e3 Nb6 20. Na5 Bd5 21. Rc1 e5 22. dxe5 Bxe5 23. Bc3 Bg7 {½-½ Garcia Cuenca,V (2344)-Quevedo Marin,M (2188) Madrid-chT 1819 2018 (9.2)}) 9... Nef6 10. Bd2 O-O 11. Ba5 b6 12. Nc6 Qe8 13. Bb4 Nc5 14. dxc5 b5 15. Qxb5 a5 16. Bc3 Bd7 17. Nxe7+ Qxe7 18. c6 Rfb8 19. Qa4 Be8 20. Nd2 Qe6 21. Nb3 Bxc6 22. Qh4 Re8 23. O-O a4 24. Nd4 Qe3+ 25. Kh1 g5 26. Qh3 Bd7 27. Nf5 Qe6 28. Nxg7 Kxg7 29. Bxf6+ Kxf6 30. Qh6+ Ke7 31. Qxg5+ Kf8 32. f4 Bc6 33. f5 Qe3 34. Rf4 Rec8 35. f6 Qe6 36. Qh6+ Ke8 37. Qxh7 Kd8 38. Qd3 Kc7 39. Rc1 Kd6 40. Re1 Rh8 41. e4 Rh5 42. Rd1 Ra5 43. Qc3 Rb5 44. Rc1 Kd7 45. exd5 Rbxd5 46. Re4 Qd6 47. Rce1 Rd2 48. Re7+ Kd8 49. Bxc6 Rdxh2+ 50. Kg1 R2h3 51. Re8+ Kc7 52. R1e7+ 1-0

[Event "Olympiad Women 2024"]
[Site "Budapest HUN"]
[Date "2024.09.15"]
[Round "5.49"]
[Board "2"]
[White "Blackman, Katrina"]
[Black "Monroy G., Nataly A."]
[Result "0-1"]
[WhiteElo "1814"]
[BlackElo "1939"]
[PlyCount "108"]
[EventDate "2024.09.11"]
[WhiteTeam "Barbados"]
[BlackTeam "Bolivia"]
[WhiteTeamCountry "BAR"]
[BlackTeamCountry "BOL"]

1. e3 {Edouard,Romain} g6 2. d4 Bg7 3. Nf3 Nf6 4. Be2 O-O 5. O-O c5 6. c3 ({RR} 6. d5 d6 7. c4 e6 8. Nc3 exd5 9. cxd5) 6... d6 ({RR} 6... d5 7. dxc5 Ne4 8. b4 a5 ({RR} 8... Nxc3 9. Nxc3 Bxc3 10. Rb1 a6 11. Bb2 Bxb2 12. Rxb2) ({RR} 8... b6 9. cxb6 axb6 10. Bb2 Nc6 11. Qb3) 9. Nd4 e5 10. Nb5 Nc6 11. Nd2 axb4 12. Nxe4 dxe4 13. cxb4 Nxb4 14. Nd6 Qc7 15. a4 ({RR} 15. Nxe4 Bf5) 15... Qxc5 16. Bc4 ({RR} 16. Nxe4 Qc6) 16... Rd8 ({RR} 16... Bf6 17. Ba3 Be7 18. Nxc8 Qxc8) ({RR} 16... Be6 17. Bxe6 fxe6 18. Nxe4 Qc6 19. Qg4) 17. Bxf7+ Kh8 ({RR} 17... Kf8 18. Qb3 Rxd6 19. Bg8) 18. Nxe4 Qe7 19. Qb3 Bf5 20. Ba3 Bxe4 21. Qxb4) ({RR} 6... cxd4 7. cxd4 ({RR} 7. exd4 d6 8. Bg5 Be6 9. Nbd2 Nc6) 7... d5 8. Nc3 Nc6 9. b3 Bf5 10. Bb2 Rc8 11. Rc1 Ne4 12. a3 Nxc3 13. Bxc3 Be4 14. b4 Bxf3 15. Bxf3 e6 16. b5 Na5 17. Bb4) ({RR} 6... b6) 7. Na3 $146 ({RR} 7. Nbd2 Nc6 ({RR} 7... b6 8. b4 Nbd7 9. a4 Bb7 10. Qb3) 8. Re1 e5 9. dxe5 dxe5 10. e4 Qc7 11. Qc2 h6 12. Nc4 Be6 13. Be3 b6 14. h3 Nh5 15. a4 Nf4 16. Bf1 Rad8 17. a5 Rb8 18. axb6 axb6 19. Na3 Na7 20. Qc1 Rfd8 21. Nc4 Nc6 {1-0 Guimard,C-Langeweg,K Zevenaar 1961 (15)}) ({RR} 7. Nbd2 cxd4 8. exd4 b6 9. a4 a6 10. Ng5 Bb7 11. Bf3 Ra7 12. Re1 h6 13. Bxb7 Rxb7 14. Nge4 Nxe4 15. Nxe4 d5 16. Nd2 Nc6 17. Nf3 Qd6 18. h4 Ra8 19. Qd3 Qd7 20. Ne5 ({RR} 20. Bf4) 20... Nxe5 21. dxe5 Qe6 {1-0 Edouard,R (2642)-Erdos,V (2603) BCF-chT1c 1819 (4NCL) Promotion pool 2018 (11.16)} {RR} 22. Bf4) ({RR} 7. b4 Ne4 8. Bb2 a5 9. bxc5 dxc5 10. Nbd2 Bf5 11. a4 Qb6 12. Nc4 Qc7 13. Na3 Rd8 14. Nb5 Qb6 15. Qb3 Nc6 16. Rfd1 Rac8 17. Rac1 cxd4 18. cxd4 Nb4 19. Ba3 Be6 20. Qb2 Rxc1 21. Rxc1 Nd5 {1-0 Principe,G (2158)-Celestino,R Titled Tue 23rd Jan Early 2024 (1)}) 7... b6 8. Nc2 Bb7 9. b4 Nbd7 10. bxc5 dxc5 11. Bb2 Qc7 12. h3 e5 13. Rc1 Rad8 14. Na3 Qb8 15. Qb3 Ne4 16. d5 c4 17. Bxc4 Ndc5 18. Qc2 Bxd5 19. Bxd5 Rxd5 20. c4 Rd3 21. Rcd1 Rfd8 22. Nb5 a6 23. Nc3 Nxc3 24. Bxc3 e4 25. Nd4 Qc7 26. Ba1 Rxd1 27. Rxd1 Rc8 28. Nb3 Bxa1 29. Rxa1 Nd3 30. Nd2 Qe5 31. Rd1 b5 32. Nxe4 Qxe4 33. Qxd3 Qxd3 34. Rxd3 Rxc4 35. Ra3 Rc1+ 36. Kh2 Rc6 37. Kg3 Kf8 38. Rd3 Ke7 39. Kf3 Ke6 40. Rd4 a5 41. Ke2 Rc2+ 42. Rd2 Rc3 43. f3 f5 44. g4 b4 45. g5 Rc1 46. Rd1 Rxd1 47. Kxd1 Kd5 48. Ke2 Kc4 49. e4 fxe4 50. fxe4 Kd4 51. Kf3 a4 52. Kf4 b3 53. e5 b2 54. e6 b1=Q 0-1

[Event "Olympiad Women 2024"]
[Site "Budapest HUN"]
[Date "2024.09.15"]
[Round "5.49"]
[Board "3"]
[White "Yepez Montenegro, Gloria Luz"]
[Black "Reifer-Belle, Chanon"]
[Result "1/2-1/2"]
[WhiteElo "1818"]
[BlackElo "1736"]
[PlyCount "107"]
[EventDate "2024.09.11"]
[WhiteTeam "Bolivia"]
[BlackTeam "Barbados"]
[WhiteTeamCountry "BOL"]
[BlackTeamCountry "BAR"]

1. d4 d5 2. c4 c6 3. cxd5 cxd5 4. Nc3 Nf6 5. Bg5 e6 6. e3 Be7 7. Bd3 Nbd7 8. Nf3 h6 9. Bf4 O-O 10. O-O a6 11. h3 b5 12. Rc1 Bb7 13. Nd2 $146 ({RR} 13. Ne5 Rc8 14. a3 Nxe5 15. Bxe5 Bd6 {½-½ Hahn,V (1679)-Lubberich,A (1848) Bad Woerishofen Seniors op 32nd 2016 (3)}) 13... Qb6 14. Qb3 Rfc8 15. Bb1 Rc6 16. Ne2 Rac8 17. Rxc6 Rxc6 18. Rc1 Rxc1+ 19. Nxc1 Qc6 20. Qc2 Nb6 21. b3 Nc8 22. Nd3 Qxc2 23. Bxc2 Nd7 24. b4 Ncb6 25. Nb3 Nc4 26. Nbc5 Nxc5 27. Nxc5 Bxc5 28. dxc5 Bc6 29. Bc7 Kf8 30. Kf1 Ke7 31. Ke2 Kd7 32. Bg3 a5 33. f3 axb4 34. Be1 Kc7 35. Bxb4 Be8 36. f4 Kb7 37. Kd3 f6 38. Ke2 Ka6 39. g4 Na5 40. h4 Nc6 41. a3 Kb7 42. Bd3 Nb8 43. c6+ Kxc6 44. Bf8 g6 45. Bxh6 f5 46. Kf3 Nd7 47. Bg7 Nb6 48. Bf8 Nc4 49. Bc2 fxg4+ 50. Kg3 Nxe3 51. Bd3 Kb6 52. Bb4 Kc6 53. Bf8 Bf7 54. Bb4 1/2-1/2

[Event "Olympiad Women 2024"]
[Site "Budapest HUN"]
[Date "2024.09.15"]
[Round "5.49"]
[Board "4"]
[White "Eversley, Kiarra"]
[Black "Gareca Ordonez, Carla Angelica"]
[Result "0-1"]
[WhiteElo "1615"]
[BlackElo "1778"]
[PlyCount "81"]
[EventDate "2024.09.11"]
[WhiteTeam "Barbados"]
[BlackTeam "Bolivia"]
[WhiteTeamCountry "BAR"]
[BlackTeamCountry "BOL"]

1. e4 c5 2. Nf3 d6 3. d4 cxd4 4. Nxd4 Nf6 5. Nc3 a6 6. Be2 e5 7. Nb3 Be6 8. Bg5 Nbd7 9. Qd2 Be7 ({RR} 9... Rc8 10. f3 Be7 11. h4 O-O 12. g4 b5 13. O-O-O b4 14. Nd5 Bxd5 15. exd5 a5 16. Bb5 Qc7 17. Kb1 Nb6 18. Bxf6 Bxf6 19. g5 Be7 20. Nxa5 Nxd5 21. Nc6 Nf4 22. Qxb4 Rfe8 23. Rhe1 Bf8 24. Qb3 {1-0 Durarbayli,V (2627)-Isajevsky,A (2403) Titled Tue 27th Jun Late 2023 (4)}) ({RR} 9... b5 10. Bd3 Be7 11. Qe2 O-O 12. O-O Qc7 13. Rae1 b4 14. Nd1 h6 15. Bh4 a5 16. Ne3 Nb6 17. Nd2 Rac8 18. Qf3 Nh7 19. Bg3 Na4 20. b3 Nc3 21. Nec4 Bg5 22. h4 Bxd2 23. Nxd2 Nxa2 24. Nc4 {0-1 Karunasena,A (1899)-Savchenko,B (2470) DINI International 2024 (2.7)}) 10. f3 h6 $146 ({RR} 10... O-O 11. Rd1 Rc8 12. O-O Qc7 13. Kh1 Rfd8 14. a3 Nb6 15. Qe1 d5 16. exd5 Nfxd5 17. Nxd5 Nxd5 18. Bxe7 Qxe7 19. Bd3 Qg5 20. Qd2 Ne3 21. Rc1 h6 22. Rg1 Bxb3 23. cxb3 Rxc1 24. Rxc1 e4 25. f4 {0-1 Galia,K-Kottnauer,C Schlechter Memorial 1947 (2)}) ({RR} 10... O-O 11. O-O-O b5 12. h4 Qc7 13. Kb1 b4 14. Nd5 Bxd5 15. exd5 Rfb8 16. g4 a5 17. Bxf6 Nxf6 18. h5 a4 19. Nc1 Ra5 20. g5 Nxd5 21. Rdg1 Nc3+ 22. Ka1 Nxe2 23. Nxe2 Rc5 24. Rc1 Rc8 25. Kb1 {½-½ Travenec,I (2236)-Rohacek,M (2296) SVK-chT1W 0910 2009 (9.3)}) 11. Be3 Rc8 12. O-O-O b5 13. Kb1 Nb6 14. a3 Nc4 15. Bxc4 bxc4 16. Nc1 Rb8 17. Nd5 Bxd5 18. exd5 Rb5 19. Qc3 Nxd5 20. Rxd5 Rxd5 21. Qxc4 Qa8 22. Qa4+ Kf8 23. c4 Rc5 24. Bxc5 dxc5 25. Re1 f6 26. Ne2 Kf7 27. Nc3 Qb7 28. Nd5 Rb8 29. Qc2 Bd8 30. Ka2 a5 31. Re3 g6 32. Rb3 Qxb3+ 33. Qxb3 Rxb3 34. Kxb3 f5 35. Ka4 Ke6 36. Kb5 Kd6 37. Nb6 Bxb6 38. Kxb6 a4 39. Kb5 e4 40. fxe4 fxe4 41. Kxa4 0-1

[Event "Olympiad Women 2024"]
[Site "Budapest HUN"]
[Date "2024.09.15"]
[Round "5.50"]
[Board "1"]
[White "Garcia, Angie"]
[Black "Mongeli, Sasha"]
[Result "0-1"]
[WhiteElo "2015"]
[BlackElo "1819"]
[PlyCount "82"]
[EventDate "2024.09.11"]
[WhiteTeam "El Salvador"]
[BlackTeam "Kenya"]
[WhiteTeamCountry "ESA"]
[BlackTeamCountry "KEN"]

1. e4 e5 2. Nf3 Nf6 3. Nxe5 d6 4. Nf3 Nxe4 5. Nc3 Nxc3 6. dxc3 Be7 7. Be3 Nd7 8. Qd2 Nf6 9. h3 O-O 10. Bd3 a6 11. O-O-O c5 12. c4 b5 13. g4 $146 ({RR} 13. cxb5 axb5 14. Kb1 c4 15. Be2 Ne4 16. Qd5 Qa5 17. Qxe4 Qxa2+ 18. Kc1 d5 19. Qf4 c3 20. bxc3 Bf6 21. Bd4 Bxd4 22. Qxd4 Bf5 23. Bd3 Bxd3 24. Qxd3 Rfc8 25. Kd2 Ra3 26. Ra1 Qb2 27. Rxa3 Qxa3 {1-0 Zheng,M (2050)-Li,E (2334) PNWCC Online blitz JP 12th 2020 (2)}) ({RR} 13. Kb1 b4 14. g4 a5 15. Rhg1 a4 16. Bf5 b3 17. cxb3 axb3 18. a3 Bxf5+ 19. gxf5 Ne4 20. Qd3 Nf6 21. Qxb3 Rb8 22. Qc2 Qa5 23. Ka2 Rb7 24. Bd2 Qa6 25. Bh6 Rfb8 26. Rb1 Bf8 27. Qc3 Ne4 {1-0 Ai,E (1793)-Li,E PNWCC Online blitz JP 10th 2020 (9)}) 13... Bb7 14. Qe2 bxc4 15. Bxc4 d5 16. g5 Ne4 17. a3 Re8 18. Rhg1 Qb6 19. Rxd5 Bxd5 20. Bxd5 Rab8 21. c4 Nc3 22. Qc2 Nxd5 23. cxd5 Qb3 24. Rd1 Bd6 25. Qxb3 Rxb3 26. Nd2 Rd3 27. Nc4 Rxd1+ 28. Kxd1 Rd8 29. Kc2 Bc7 30. Bxc5 Rxd5 31. Be3 Bd8 32. h4 f6 33. f4 fxg5 34. hxg5 Bc7 35. Kc3 Kf7 36. Nd2 Rf5 37. Ne4 Bxf4 38. Bd4 Be5 39. Kc4 Bxd4 40. Nd6+ Kg6 41. Nxf5 Bxb2 0-1

[Event "Olympiad Women 2024"]
[Site "Budapest HUN"]
[Date "2024.09.15"]
[Round "5.50"]
[Board "2"]
[White "Ndirangu, Nyaruai"]
[Black "Vasquez Vasquez, Marielos"]
[Result "1-0"]
[WhiteElo "1782"]
[BlackElo "1844"]
[PlyCount "89"]
[EventDate "2024.09.11"]
[WhiteTeam "Kenya"]
[BlackTeam "El Salvador"]
[WhiteTeamCountry "KEN"]
[BlackTeamCountry "ESA"]

1. e4 c5 2. Nc3 Nc6 3. Bc4 g6 4. f4 Bg7 5. Nf3 e6 6. d3 Nge7 7. O-O O-O 8. Qe1 d5 9. Bb3 Nd4 10. Nxd4 cxd4 11. Ne2 dxe4 12. dxe4 b5 13. Kh1 ({RR} 13. Bd2 a5 14. a4 d3 15. Nc3 b4 16. Nd1 dxc2 17. Bxc2 Ba6 18. Rf2 Rc8 19. Be3 Nc6 20. Rc1 Bd4 21. Bb3 Qb6 22. Rd2 Rfd8 23. Kh1 Bxe3 24. Nxe3 Nd4 25. Bc4 Bxc4 26. Rxc4 Nb3 27. Rxc8 Rxc8 {½-½ Safranska,A (2305)-Kuporosov,V (2510) Berliner Sommer 12th 1994}) ({RR} 13. Ng3 a5 14. a4 b4 15. f5 Nc6 16. Bf4 d3 17. Rd1 Qd4+ 18. Rf2 Qxb2 19. Rxd3 Ne5 20. Rd6 Ng4 21. Rf3 Be5 22. Bxe5 Qxe5 23. Qd2 exf5 24. exf5 Bb7 25. Rf1 Qc5+ 26. Qd4 Qxd4+ 27. Rxd4 Ne3 {0-1 Jonsson,J (1875)-Reimer,P (2095) Reykjavik Open 2024 (2.67)}) 13... Bb7 $146 ({RR} 13... a5 14. a4 b4 15. Ng1 Bb7 16. Bc4 Rc8 17. Bd3 Qb6 18. Nf3 b3 19. cxb3 Qxb3 20. Ra3 Qb6 21. Ne5 Rc7 22. Nc4 Qa7 23. Qxa5 Ba6 24. Qb6 Qxb6 25. Nxb6 Bxd3 26. Rxd3 Rb8 27. a5 Rc6 28. Bd2 {1-0 Oliver,T (1777)-Finnbogadottir,T (1710) Wch U18 Girls 2009 (4)}) 14. Ng3 a5 15. a3 a4 16. Ba2 Rc8 17. Rf2 Qb6 18. Bd2 Nc6 19. Rd1 h5 20. f5 exf5 21. exf5 Ne5 22. fxg6 Qxg6 23. Nf5 Rfe8 24. Bb4 Nc4 25. Ne7+ Rxe7 26. Qxe7 Bd5 27. c3 d3 28. Bb1 Ne5 29. Qd6 Qe4 30. Kg1 Qg4 31. Qxd5 Qxd1+ 32. Rf1 Qb3 33. Qxb5 Rd8 34. Qb6 Qd5 35. Qd4 Qxd4+ 36. cxd4 Rxd4 37. Rd1 Rd7 38. Bc3 Nc4 39. Bxd3 Bxc3 40. bxc3 Nb2 41. Bh7+ Kxh7 42. Rxd7 Kg6 43. Rd4 Kf5 44. Kf2 Kg5 45. Ke2 1-0

[Event "Olympiad Women 2024"]
[Site "Budapest HUN"]
[Date "2024.09.15"]
[Round "5.50"]
[Board "3"]
[White "Zavala Galindo, Alejandra Beatriz"]
[Black "Mutisya, Jully"]
[Result "1-0"]
[WhiteElo "1870"]
[BlackElo "1750"]
[PlyCount "81"]
[EventDate "2024.09.11"]
[WhiteTeam "El Salvador"]
[BlackTeam "Kenya"]
[WhiteTeamCountry "ESA"]
[BlackTeamCountry "KEN"]

1. Nf3 Nf6 2. g3 g6 3. Bg2 Bg7 4. d3 O-O 5. e4 d6 6. O-O c6 7. a4 e5 8. Nbd2 Na6 ({RR} 8... Nbd7 9. a5 Re8 10. b4 Rb8 11. Bb2 b5 12. axb6 axb6 13. Ra7 Bb7 14. c4 Qc7 15. Qb3 Ra8 16. Rxa8 Bxa8 17. Ra1 d5 18. cxd5 cxd5 19. Ng5 Qd6 20. exd5 Bxd5 21. Nc4 Qc6 22. Ne3 Bxb3 23. Bxc6 {1-0 Ljubojevic,L (2610)-Karpov,A (2715) Amsterdam Euwe Memorial 1988 (3)}) ({RR} 8... a5 9. Nc4 Na6 10. b3 Be6 11. Ba3 Re8 12. Nxd6 Re7 13. Nc4 Nb4 14. c3 Bxc4 15. bxc4 Rd7 16. cxb4 Rxd3 17. Qc2 Nxe4 18. Ne1 Rxa3 19. Rxa3 Nd2 20. Rd3 {1-0 Rees,I (2272)-Crocker,P (2103) Titled Tue 26th Mar Early 2024 (3)}) 9. Re1 $146 ({RR} 9. Nc4 h6 10. h3 Be6 11. Ne3 Qd7 12. Kh2 Rad8 13. Qe2 Nh7 14. Nh4 Ng5 15. f4 exf4 16. gxf4 Nh7 17. f5 Qe7 18. Qf2 gxf5 19. Nexf5 Bxf5 20. Nxf5 Qe5+ 21. Kh1 Qe6 22. Qg3 {1-0 Szekeres,T (2255)-Crisan,C (2100) Schneider Memorial op  1996}) ({RR} 9. Nc4 Be6 10. Qe2 Qe7 11. Bd2 Rac8 12. Ng5 Nc5 13. Nxe6 Nxe6 14. c3 Rfd8 15. f4 exf4 16. gxf4 Nc5 17. b4 Nb3 18. Rab1 Nxd2 19. Nxd2 Nd5 20. Qf3 Nxc3 21. Ra1 Qh4 22. Nb3 Bh6 23. Rfc1 Nxe4 {0-1 Zimmermann,D (1938)-Rohloff,M (1851) Ruhrgebiet Verbandsliga Gruppe 2 1718 2017 (3.5)}) 9... h6 10. c3 Nc5 11. Qc2 Nh7 12. b4 Ne6 13. Nc4 f5 14. Nh4 Rf6 15. Nxg6 fxe4 16. Nh4 exd3 17. Qxd3 Neg5 18. Bxg5 hxg5 19. Be4 gxh4 20. Bxh7+ Kh8 21. Nxe5 Be6 22. Ng6+ Kxh7 23. Nf8+ Kg8 24. Nxe6 Qb6 25. Qe3 Qxe3 26. Rxe3 Bh6 27. f4 hxg3 28. hxg3 Kf7 29. Rae1 Rg8 30. Kf2 Rc8 31. Kf3 c5 32. g4 cxb4 33. g5 Rxe6 34. Rxe6 Rxc3+ 35. Kg4 Bf8 36. g6+ Kg8 37. f5 Rc4+ 38. Kg5 Rc2 39. Re8 Rg2+ 40. Kf6 Rg3 41. R1e7 1-0

[Event "Olympiad Women 2024"]
[Site "Budapest HUN"]
[Date "2024.09.15"]
[Round "5.50"]
[Board "4"]
[White "Ingado, Mercy"]
[Black "Barahona, Dalila Yamileth"]
[Result "0-1"]
[WhiteElo "1645"]
[BlackElo "1833"]
[PlyCount "72"]
[EventDate "2024.09.11"]
[WhiteTeam "Kenya"]
[BlackTeam "El Salvador"]
[WhiteTeamCountry "KEN"]
[BlackTeamCountry "ESA"]

1. e4 c5 2. Nf3 g6 3. d4 cxd4 4. Nxd4 Bg7 5. Nc3 Nc6 6. Be3 Nf6 7. Bd3 O-O 8. O-O d5 9. f3 dxe4 10. Nxc6 bxc6 11. Nxe4 Nd5 12. Bc1 Bxb2 $146 ({RR} 12... Qb6+ 13. Kh1 Rb8 14. c3 f5 15. Ng5 h6 16. Nh3 e5 17. Nf2 Kh7 18. Qc2 Rd8 19. h4 Ba6 20. Bxa6 Qxa6 21. Re1 Qc4 22. g4 Nf6 23. Bxh6 Bxh6 24. h5 Rd2 25. hxg6+ Kg7 26. Qxf5 Rxf2 27. Rxe5 {0-1 Kartaev,B (1708)-Didenko,S (2110) Elista Elo-A 2008 (10)}) 13. Bxb2 Qb6+ 14. Rf2 f5 15. c4 Ne3 16. Qd2 fxe4 17. Qc3 Rf6 18. Bxe4 Nf5 19. c5 Qc7 20. g4 Ng7 21. g5 Rf7 22. Rd1 Be6 23. Rfd2 Raf8 24. a3 Qf4 25. Bxc6 Qxg5+ 26. Kh1 Qf6 27. Qa5 Qf4 28. Rd4 Qe3 29. R4d3 Qf4 30. Re1 Bh3 31. Qc3 Qg5 32. Rg1 Qf5 33. Be4 Qf4 34. Rg3 Bf5 35. Bxf5 Qxf5 36. c6 Qf6 0-1

[Event "Olympiad Women 2024"]
[Site "Budapest HUN"]
[Date "2024.09.15"]
[Round "5.51"]
[Board "1"]
[White "Antonova, Nadezhda"]
[Black "Aliu, Arlinda"]
[Result "1-0"]
[WhiteElo "1967"]
[BlackElo "1780"]
[PlyCount "117"]
[EventDate "2024.09.11"]
[WhiteTeam "Tajikistan"]
[BlackTeam "Kosovo"]
[WhiteTeamCountry "TJK"]
[BlackTeamCountry "KOS"]

1. Nf3 d5 2. e3 Nf6 3. c4 c6 4. Nc3 Bf5 5. d4 e6 6. Nh4 Bg4 7. Qb3 Qc7 8. h3 Bh5 9. g4 Bg6 10. Nxg6 hxg6 11. Bg2 Be7 12. Bd2 Nbd7 13. Rc1 Nb6 14. cxd5 exd5 15. Nxd5 Nbxd5 16. Bxd5 Nxd5 17. Qxd5 Qb6 18. Qe4 Rd8 $146 ({RR} 18... Kf8 19. b3 Re8 20. Qd3 Bf6 21. Kf1 Qd8 22. Kg2 Qd5+ 23. f3 Kg8 24. Be1 Qe6 25. Bf2 Bd8 26. Rc2 f5 27. Qc4 Bb6 28. Qxe6+ Rxe6 29. b4 Kf7 30. a4 Rd8 31. a5 Bc7 32. a6 bxa6 33. Rhc1 {1-0 Skreko,I (2014)-Marcinek,M (1919) Skalica op 2021 (2)}) 19. Bc3 Rd5 20. a3 Kd7 21. Qf3 f5 22. Kd2 Qb3 23. Qd1 Qxd1+ 24. Rcxd1 Rh4 25. f3 Ke6 26. Rde1 Rd8 27. e4 f4 28. Re2 Bf6 29. e5 Be7 30. Kd3 Kd5 31. b4 b6 32. Rb2 Rdh8 33. Rbh2 a6 34. Be1 R4h6 35. h4 g5 36. h5 c5 37. dxc5 bxc5 38. Bc3 cxb4 39. axb4 Rb8 40. Rb2 g6 41. Ra2 gxh5 42. Rxh5 Rg6 43. Ra5+ Rb5 44. Ra4 Rgb6 45. Rh8 Bxb4 46. Rd8+ Ke6 47. Bd4 Bc5 48. Bxc5 Rxc5 49. Kd4 Rcb5 50. Re8+ Kf7 51. Ra8 Rb4+ 52. Rxb4 Rxb4+ 53. Kd5 Rb5+ 54. Ke4 a5 55. Kf5 Rb3 56. e6+ Ke7 57. Ra7+ Kd8 58. Kf6 Rxf3 59. e7+ 1-0

[Event "Olympiad Women 2024"]
[Site "Budapest HUN"]
[Date "2024.09.15"]
[Round "5.51"]
[Board "2"]
[White "Recica, Jona"]
[Black "Saidova, Rukhshona"]
[Result "0-1"]
[WhiteElo "1791"]
[BlackElo "1873"]
[PlyCount "62"]
[EventDate "2024.09.11"]
[WhiteTeam "Kosovo"]
[BlackTeam "Tajikistan"]
[WhiteTeamCountry "KOS"]
[BlackTeamCountry "TJK"]

1. e4 e5 2. Nf3 Nc6 3. d4 exd4 4. Bc4 Nf6 5. Ng5 d5 6. exd5 Qe7+ 7. Kf1 Ne5 8. Qxd4 Nxc4 9. Qxc4 h6 10. Nf3 Qc5 11. Qe2+ Be7 12. c4 ({RR} 12. Be3 Qxd5 13. Nc3 Qa5 14. Re1 O-O 15. h3 Re8 16. Qb5 Qxb5+ 17. Nxb5 Bd8 18. Bf4 Rxe1+ 19. Kxe1 Bd7 20. Nc3 c6 21. Ke2 Bb6 22. Rd1 Bf5 23. Nd4 Re8+ 24. Kf1 Bxd4 25. Rxd4 Bxc2 26. g4 Ne4 {1-0 Sanhueza,C (2194)-Jodar Arias,M (2190) Titled Tue 10th Sep Early 2024 (6)}) 12... Nxd5 13. Na3 Nb4 $146 ({RR} 13... Nf6 14. Be3 Qc6 15. Nd4 Qd7 16. Rd1 O-O 17. Ndb5 Qc6 18. Nc2 Ng4 19. Bxa7 Qe6 20. Bd4 c5 21. Bc3 Rxa2 22. f3 Nf6 23. Kf2 Qxe2+ 24. Kxe2 Nh5 25. Ra1 Be6 26. Nca3 Nf4+ 27. Kf2 Rxa1 28. Rxa1 {½-½ Shen,S (2184)-Gao,R (2561) CHN-chT Hangzhou 2018 (1.4)}) ({RR} 13... Nf6 14. Be3 Qa5 15. Bd2 Qb6 16. Nb5 Be6 17. Bf4 Rc8 18. Nbd4 O-O 19. Re1 Bb4 20. Rd1 Bg4 21. h3 Bh5 22. g4 Rfe8 23. Be3 Bg6 24. Kg2 Be4 25. a3 Bc5 26. b4 Bxd4 27. Rxd4 Qe6 28. Kg3 {0-1 Tomczak,J (2329)-Fougerit,V (2138) Wch U16 Belfort 2005 (6)}) 14. Nb5 a6 15. Be3 Qc6 16. Nfd4 Qd7 17. Nc3 O-O 18. Rd1 Bf6 19. Nb3 Qc6 20. a3 Bxc3 21. bxc3 Be6 22. Na5 Qa4 23. cxb4 b6 24. Rc1 bxa5 25. Qb2 Bxc4+ 26. Ke1 Rad8 27. f3 Rd3 28. Kf2 Rxa3 29. Ra1 axb4 30. Bc5 Re8 31. Qxb4 Rxa1 0-1

[Event "Olympiad Women 2024"]
[Site "Budapest HUN"]
[Date "2024.09.15"]
[Round "5.51"]
[Board "3"]
[White "Tolibova, Dilola"]
[Black "Saraci, Rinesa"]
[Result "1/2-1/2"]
[WhiteElo "1831"]
[BlackElo "1757"]
[PlyCount "93"]
[EventDate "2024.09.11"]
[WhiteTeam "Tajikistan"]
[BlackTeam "Kosovo"]
[WhiteTeamCountry "TJK"]
[BlackTeamCountry "KOS"]

1. e4 e5 2. Nf3 Nc6 3. Bc4 Nf6 4. d3 Bc5 5. Nc3 d6 6. h3 O-O 7. Bg5 Na5 8. Nd5 ({RR} 8. Bb3 Nxb3 9. axb3 c6 10. Qd2 a6 11. Nh2 Qe7 12. Ng4 Bxg4 13. hxg4 Qe6 14. f3 b5 15. g3 a5 16. Qh2 Rfe8 17. Bxf6 Qxf6 18. Qxh7+ Kf8 19. Qf5 b4 20. Ne2 Be3 21. Qxf6 gxf6 22. c3 Ke7 {1-0 Tran,H (2143)-Ho,N (2126) VIE-ch U13 Girls 2022 (1)}) 8... Nxc4 9. dxc4 Bxf2+ 10. Ke2 $146 ({RR} 10. Kf1 Bb6 11. Nxf6+ gxf6 12. Bh6 Re8 13. Qe1 Kh8 14. Rd1 Be6 15. b3 f5 16. Bg5 f6 17. Bh4 Qe7 18. g4 fxg4 19. hxg4 Bxg4 20. Rd3 Rg8 21. Bf2 Bxf3 22. Rxf3 Bxf2 23. Qxf2 Rg6 24. Rfh3 Rg7 {0-1 Munne Duran,J (1795)-Lopez Roca,X (1900) Terrassa op-B 1996 (6)}) ({RR} 10. Kxf2 Nxe4+ 11. Ke1 Nxg5 12. Nxg5 Qxg5 13. Nxc7 Qxg2 14. Rf1 Bxh3 15. Qf3 Qxf1+ 16. Qxf1 Bxf1 17. Nxa8 Bxc4 18. Nc7 Rc8 19. b3 Bxb3 20. axb3 Rxc7 21. Rxa7 g6 22. c4 f5 23. Ra2 g5 24. Rd2 Rc6 {0-1 Gurski,C-Dolin,J (1314) Romulus op 2000 (5)}) 10... Bg3 11. Nh4 c6 12. Ne3 h6 13. Bxf6 Qxf6 14. Nhf5 Bxf5 15. Nxf5 Qg5 16. Qd3 Qh5+ 17. Qf3 Qxf3+ 18. gxf3 Bf4 19. Nxd6 b6 20. h4 Rfd8 21. Rad1 Rd7 22. Nf5 Rad8 23. Rd3 Rxd3 24. cxd3 Kf8 25. h5 Bg5 26. b4 Be7 27. a3 Rd7 28. Rd1 c5 29. b5 Bg5 30. a4 g6 31. Ne3 Bxe3 32. Kxe3 g5 33. a5 Ke7 34. axb6 axb6 35. Ra1 Rb7 36. Ra8 Kf6 37. Rh8 Kg7 38. Re8 f6 39. Ra8 Kf7 40. Rh8 Kg7 41. Ra8 Kh7 42. Rf8 Kg7 43. Ra8 Kh7 44. Rf8 Kg7 45. Ra8 Kh7 46. Rf8 Kg7 47. Ra8 1/2-1/2

[Event "Olympiad Women 2024"]
[Site "Budapest HUN"]
[Date "2024.09.15"]
[Round "5.51"]
[Board "4"]
[White "Saraci, Ndriqona"]
[Black "Mashabova, Shukrona"]
[Result "1/2-1/2"]
[WhiteElo "1656"]
[BlackElo "1711"]
[PlyCount "143"]
[EventDate "2024.09.11"]
[WhiteTeam "Kosovo"]
[BlackTeam "Tajikistan"]
[WhiteTeamCountry "KOS"]
[BlackTeamCountry "TJK"]

1. e4 e5 2. Nf3 Nc6 3. d4 exd4 4. Nxd4 Bc5 5. Be3 Qf6 6. c3 Nge7 7. Qd2 O-O 8. Nxc6 Qxc6 9. Bxc5 Qxc5 10. Qd4 Qg5 11. Nd2 Nc6 12. Qd5 Qf6 13. Nf3 d6 $146 ({RR} 13... Re8 14. Bd3 Ne5 15. Nxe5 Rxe5 16. Qd4 c5 17. Qe3 d5 18. f4 Re7 19. e5 Qb6 20. O-O c4 21. Qxb6 axb6 22. Bc2 Bd7 23. a3 b5 24. Rad1 Bc6 25. Kf2 Rf8 26. g3 f6 27. exf6 Rxf6 28. Rfe1 {½-½ Will,S (1647)-Anhalt,A (1832) Hessen-ch op-B 2016 (7)}) 14. h3 Re8 15. Bb5 Be6 16. Qg5 Qxg5 17. Nxg5 Bd7 18. Bc4 Ne5 19. Bb3 h6 20. f4 hxg5 21. fxe5 Rxe5 22. O-O Be6 23. Bc2 Re8 24. Rad1 Bxa2 25. b3 Rb5 26. Rf5 Rxf5 27. exf5 Re2 28. Rc1 Rxc2 29. Rxc2 Bxb3 30. Rb2 Bd5 31. c4 Bc6 32. Kf2 f6 33. g3 Kf7 34. h4 gxh4 35. gxh4 b6 36. Ke3 a5 37. Kd4 a4 38. Kc3 d5 39. Rd2 dxc4 40. Kxc4 b5+ 41. Kc5 Be4 42. Rd7+ Kg8 43. Kxb5 c6+ 44. Kxa4 Bxf5 45. Rc7 Kh7 46. Kb4 Be4 47. Kc3 Kh6 48. Kd4 Bd5 49. Ke3 g5 50. hxg5+ Kxg5 51. Rg7+ Kf5 52. Rh7 Ke5 53. Re7+ Kd6 54. Rh7 f5 55. Kf4 Be4 56. Rh2 Kd5 57. Rd2+ Kc4 58. Ke3 Kc3 59. Rf2 c5 60. Rh2 c4 61. Rf2 Kb3 62. Kd2 c3+ 63. Kc1 c2 64. Rf4 Kc4 65. Rf2 Kd4 66. Kd2 Ke5 67. Rf1 Kf6 68. Ke3 Ke5 69. Kd2 Kd4 70. Rf4 Kc4 71. Rf2 Kb3 72. Kc1 1/2-1/2